Odišiel popularizátor popularizácie pamiatke Jána Baricu

Bibliographic Details
Main Author: Kenda, Milan, 1937- (Author)
Format: Article
Language:Slovak
Subjects:

MARC

LEADER 00000nab a2200000 ar4500
001 vtls008418231
003 SK-MaSNL
005 20260303070042.0
008 051213c2005 xo sr|p|||||||000 b|slo
015 |a SNBRB2005/12  |2 snkbucl 
038 |a SNKBUCL 
040 |a SNKBUCL  |b slo  |c SNKBUCL  |e AACR2 
041 0 |a slo 
044 |a xo  |c SK 
080 |a 82:929:821.162.4  |2 UDC-MRF-SK2 
080 |a 821.162.4  |2 UDC-MRF-SK2 
080 |a 929 Barica, Ján  |2 UDC-MRF-SK2 
100 1 |a Kenda, Milan,  |d 1937-   |4 aut  |9 13417 
245 1 0 |a Odišiel popularizátor popularizácie  |b pamiatke Jána Baricu  |c Milan Kenda 
300 |b Fotogr. 
600 1 7 |a Barica, Ján,  |d 1928-2005  |2 snkbucl  |9 124168 
773 0 |t Slovenské národné noviny  |g Roč. 16 (20), č. 24 (2005), s. 8  |x 0862-8823 
852 |a SNK  |b KIS3GCP 
958 |a BX 
958 |a LX 
999 |c 1753708  |d 1755638